NFL Stats Leaders since 2010 Years - Statistics

General Stats
  • This quiz has been taken 1,666 times
    1,534 since last reset
  • The average score is 39 of 63
Answer Stats
Answer % Correct
Patrick Mahomes
100%
Justin Jefferson
98%
Tom Brady
97%
Josh Jacobs
95%
Derrick Henry
94%
JJ Watt
94%
Nick Bosa
94%
TJ Watt
94%
Cooper Kupp
93%
Johnathan Taylor
93%
Stefon Diggs
92%
Drew Brees
91%
Trevon Diggs
91%
Chandler Jones
90%
Deshaun Watson
90%
Ezekiel Elliot
90%
Julio Jones
90%
Ben Roethlisberger
89%
Antonio Brown
88%
Jameis Winston
88%
Michael Thomas
88%
Preston Brown
88%
Peyton Manning
86%
Adrian Peterson
85%
Aaron Donald
84%
Calvin Johnson
84%
Phillip Rivers
81%
Bobby Wagner
78%
Kareem Hunt
73%
Jared Allen
71%
TY Hilton
70%
LeSean McCoy
68%
Luke Kuechly
68%
Stephon Gilmore
68%
Richard Sherman
67%
Josh Gordon
62%
DeMarco Murray
61%
Xavien Howard
58%
Maurice Jones Drew
56%
Arian Foster
53%
Ed Reed
48%
Darius Leonard
46%
Justin Simmons
46%
Darius Slay
42%
Shaquil Barrett
41%
DeMarcus Ware
37%
Charles Woodson
33%
Justin Houston
32%
Foyesade Oluokun
29%
Foyesade Oluokun
29%
NaVarro Bowman
26%
Kyle Fuller
25%
Vic Beasley
23%
Brandon Lloyd
22%
Robert Mathis
19%
Vontaze Burfict
19%
Casey Hayward Jr.
16%
London Fletcher
14%
Jerod Mayo
12%
Zach Cunningham
10%
Glover Quin
9%
Reggie Nelson
5%
Tim Jennings
4%
No matching quizzes found
Score Distribution
Percent of People with Each Score
Percentile by Number Answered
Your Score History
You have not taken this quiz since the last reset